000 00613nam a22001937a 4500
005 20100310153336.0
008 100310t xxu||||| |||| 00| 0 eng d
020 _a1555810055
080 _aR 577.215
_bBER
100 _aBerg, Dougles [Ed.]
_911396
245 _aMobile DNA
260 _aWashington
_bAmerican society for microbiology
_c1989
_911112
300 _a972p.
500 _aIncludes Index
653 _aDNA
_aGenetics
700 _aHowe,Martha M.
_911113
942 _cREF
952 _w2010-03-10
_p00039477
_r2010-03-10
_40
_00
_bUL
_10
_oR 577.215 BER
_d2010-03-10
_71
_cREF
_2udc
_yBK
_aUL
999 _c10846
_d10845